|
|
|
|
| LEADER |
00000nab#a22000007a#4500 |
| 001 |
arbauad024614 |
| 003 |
AR-BaUAD |
| 005 |
20250711112047.0 |
| 008 |
970211|||||||||###||||||b###|0###a|spa|| |
| 040 |
|
|
|a AR-BaUAD
|c AR-BaUAD
|b spa
|
| 245 |
1 |
0 |
|a Pier Luigi Nervi
|b 1era. parte Principales obras entre 1930-1960
|
| 300 |
0 |
|
|b cortes, detalles, fot., plantas
|
| 653 |
|
|
|a CONSTRUCCION
|
| 653 |
|
|
|a NERVI, PIER LUIGI
|
| 653 |
|
|
|a ESTADIOS
|
| 653 |
|
|
|a FLORENCIA
|
| 653 |
|
|
|a ITALIA
|
| 653 |
|
|
|a HANGARES
|
| 653 |
|
|
|a CENTROS DE EXPOSICIONES
|
| 653 |
|
|
|a CUBIERTAS
|
| 653 |
|
|
|a HORMIGON
|
| 653 |
|
|
|a TURIN
|
| 653 |
|
|
|a ROMA
|
| 653 |
|
|
|a ARQUITECTURA DEPORTIVA
|
| 653 |
|
|
|a CENTROS DE CONVENCIONES
|
| 653 |
|
|
|a UNESCO
|
| 653 |
|
|
|a PARIS
|
| 653 |
|
|
|a FRANCIA
|
| 653 |
|
|
|a EDIFICIOS DE OFICINAS
|
| 653 |
|
|
|a MILAN
|
| 773 |
0 |
|
|t Construcciones
|g no. 247 [mayo-jun. 1974], p. 58-73
|
| 942 |
|
|
|c ARTI
|
| 952 |
|
|
|0 0
|1 0
|4 0
|7 0
|9 69533
|a AR-BAuAD
|b AR-BAuAD
|d 2025-07-11
|l 0
|p AAQA024614
|r 2025-07-11 11:20:47
|w 2025-07-11
|y ARTI
|
| 990 |
|
|
|a CO197
|b TD
|
| 998 |
|
|
|a AAQ
|b BIBUN76
|
| 999 |
|
|
|c 49206
|d 49206
|